000 00179nam a2200085 4500
001 1258971
005 20260408091600.0
245 _aBAŞLANGIÇ
_cDAN BROWN
260 _bALTIN KİTAPLAR
999 _c1258971
_d1258971